[Event "IV Open"]
[Site "Bogota COL"]
[Date "2009.11.02"]
[Round "8"]
[White "Mendoza,Raf"]
[Black "Rivera,A"]
[Result "1-0"]
[WhiteElo "2317"]
[BlackElo "2389"]

1.e4 d6 2.d4 Nf6 3.Nc3 Nbd7 4.Nf3 e5 5.Bc4 Be7 6.O-O O-O 7.a4 c6 8.b3 h6
9.a5 Re8 10.Bb2 Bf8 11.Re1 a6 12.h3 Qc7 13.Bf1 g6 14.Qd2 Bg7 15.dxe5 dxe5
16.Na4 Nh7 17.Ba3 Nhf8 18.Rad1  1-0

[Event "13th OIBM"]
[Site "Bad Wiessee GER"]
[Date "2009.11.03"]
[Round "5"]
[White "Rozentalis,E"]
[Black "Welling,G"]
[Result "1-0"]
[WhiteElo "2603"]
[BlackElo "2372"]

1.e4 d6 2.d4 Nf6 3.Nc3 e5 4.dxe5 dxe5 5.Qxd8+ Kxd8 6.Bc4 Be6 7.Bxe6 fxe6
8.Nh3 Bd6 9.Be3 Nc6 10.O-O-O a6 11.f3 Ke7 12.Nf2 b5 13.Ng4 Nxg4 14.fxg4 Rhf8
15.Ne2 a5 16.c3 a4 17.Kc2 Kf7 18.Nc1 Na5 19.Rhf1+ Kg8 20.Rxf8+ Rxf8 21.b3 axb3+
22.axb3 Nc6 23.b4 Kf7 24.Nd3 Ra8 25.Kb3 Ke8 26.h3 Nb8 27.h4 Nd7 28.g5 Ke7
29.h5 Ke8 30.Rf1 Ke7 31.g6 hxg6 32.Bg5+ Ke8 33.hxg6 Nf8 34.Rf7 Nxg6 35.Rxg7 Nf8
36.Nxe5 Ra1 37.Nf3 Nd7 38.Nd4 Rb1+ 39.Kc2 Rg1 40.Be3 Re1 41.Kd2  1-0

[Event "World Seniors"]
[Site "Condino ITA"]
[Date "2009.11.05"]
[Round "9"]
[White "Gardi,G"]
[Black "Fragni,E"]
[Result "1-0"]
[WhiteElo "2022"]
[BlackElo "1767"]

1.d4 c6 2.Nc3 Nf6 3.e4 d6 4.Nf3 Bg4 5.h3 Bxf3 6.Qxf3 e5 7.Be3 Nbd7 8.g4 g6
9.Bc4 Qe7 10.Bb3 Bg7 11.Qg2 a5 12.a4 exd4 13.Bxd4 Ne5 14.O-O O-O 15.f4 Ned7
16.Rae1 Rae8 17.f5 Ne5 18.g5 c5 19.gxf6 Bxf6 20.Nd5 Qd8 21.Nxf6+ Qxf6 22.fxg6 Qxg6
23.Qxg6+ Nxg6 24.Bf6 Rc8 25.Bd5 Rb8 26.c4 h6 27.Rf5 Kh7 28.Ref1 b6 29.Bc3 Ne5
30.Bxe5 Rg8+ 31.Kh2 dxe5 32.Rxf7+ Kh8 33.R1f6  1-0

[Event "World Seniors"]
[Site "Condino ITA"]
[Date "2009.11.05"]
[Round "9"]
[White "Onoprienko,V"]
[Black "Rukavina,J"]
[Result "0-1"]
[WhiteElo "2324"]
[BlackElo "2435"]

1.e4 d6 2.d4 Nf6 3.Nc3 e5 4.dxe5 dxe5 5.Qxd8+ Kxd8 6.Bc4 Ke8 7.Nf3 Bd6 8.h3 a6
9.Bg5 Nbd7 10.O-O-O b5 11.Bd5 Nxd5 12.Nxd5 Bb7 13.Rhe1 f6 14.Be3 Rd8 15.Nh4 g6
16.g4 c6 17.Nc3 Be7 18.Nf3 Nc5 19.Rxd8+ Bxd8 20.g5 Ne6 21.gxf6 Bxf6 22.h4 Ke7
23.b4 Bc8 24.Bh6 Rd8 25.Bg5 Rf8 26.Bxf6+ Kxf6 27.Rd1 Rd8 28.Rg1 Nf4 29.Kb2 h6
30.a4 Rd6 31.axb5 cxb5 32.Ra1 Be6 33.Re1 Rd8 34.Ra1 Bc8 35.Rg1 Rd6 36.Re1 Bg4
37.Nh2 Bh3 38.Ra1 Ke6 39.Nf3 Kf6 40.Rg1 Bc8 41.Ra1 Be6 42.Re1 Nh3 43.Re3 Nxf2
44.Ne1 Nh3 45.Nd3 Nf4 46.Rf3 g5 47.hxg5+ hxg5 48.Nc5 g4 49.Re3 Kg5 50.Nd5 Bxd5
51.exd5 Kf5 52.Kb3 Nxd5 53.Rd3 e4 54.Rd4 e3 55.Ne4 Ke5 56.c3 e2 57.Nf2 g3
58.Nd3+ Kf5 59.Ne1 Rd7 60.Rd2 Nf6 61.Rxe2 Ne4 62.Kc2 Kf4 63.Rg2 Ke3 64.Kc1 Rc7
65.Kb2 Rf7 66.Nc2+ Kd3 67.Kb3 Rf2  0-1

[Event "3rd Asian Indoor Team Rapid Prelim"]
[Site "Ha Long City VIE"]
[Date "2009.11.05"]
[Round "1"]
[White "Pourkashiyan,A"]
[Black "Alattar,G"]
[Result "1-0"]
[WhiteElo "2306"]
[BlackElo "1875"]

1.e4 d6 2.d4 Nf6 3.Nc3 c6 4.a4 g6 5.g3 Bg7 6.Bg2 O-O 7.Nge2 Nbd7 8.O-O Qc7
9.h3 Re8 10.Be3 e5 11.g4 Nb6 12.b3 Qe7 13.a5 Nbd7 14.Qd2 Nf8 15.Rad1 Bd7
16.Ng3 Red8 17.d5 c5 18.Bh6 Rac8 19.Qg5 Re8 20.Rfe1 c4 21.b4 Bxh6 22.Qxh6 Kh8
23.Bf3 Ng8 24.Qe3 Qh4 25.Kg2 Ne7 26.Qxa7 f5 27.Rh1 f4 28.Nf1 g5 29.Nd2 Nfg6
30.Qxb7 Red8 31.Kf1 Rb8 32.Qa6  1-0

[Event "3rd Asian Indoor Team Rapid Prelim"]
[Site "Ha Long City VIE"]
[Date "2009.11.06"]
[Round "7"]
[White "Muminova,N"]
[Black "Zhu Chen"]
[Result "1-0"]
[WhiteElo "2347"]
[BlackElo "2463"]

1.e4 d6 2.d4 Nf6 3.Nc3 e5 4.Nf3 Nbd7 5.Bc4 Be7 6.O-O O-O 7.Re1 c6 8.a4 a5
9.Ba2 exd4 10.Qxd4 Nc5 11.h3 Be6 12.Be3 Nfd7 13.Bxe6 fxe6 14.Qd2 Qe8 15.Rad1 h6
16.Bf4 Qg6 17.Kh1 e5 18.Bg3 Qh5 19.Qe2 Rad8 20.Nh4 Qxe2 21.Rxe2 Bxh4 22.Bxh4 g5
23.Bg3 Nf6 24.f3 Ne6 25.Red2 Nd4 26.Nb1 Ne8 27.Na3 Ra8 28.Bf2 c5 29.c3 Nb3
30.Re2 Kf7 31.Nc4 Ke6 32.Re3 Ra6 33.Red3 Rf7 34.Kg1 Rc7 35.Kf1 Rc8 36.Ke2 Rb8
37.Na3 Rc6 38.Nb5 b6 39.g3 Rb7 40.Kf1 Rd7 41.Kg2 Rc8 42.Kg1 Rcd8 43.Kf1 Ra8
44.Ke2 Rc8 45.Kf1 Rc6 46.Ke2 Rc8 47.Kf1 Rcd8 48.Ke2 Rf7 49.h4 gxh4 50.gxh4 c4
51.Rd5 Nc5 52.Bxc5 bxc5 53.Rxc5 Rf4 54.Rxc4 Rxh4 55.b4 Rh2+ 56.Ke3 axb4 57.cxb4 Ra2
58.a5 Rb8 59.Nc3 Ra3 60.Rh1 Nf6 61.Rxh6 Rb3 62.Kd2 R3xb4 63.Rxb4 Rxb4 64.Rxf6+ Kd7
65.Rf7+ Kc6 66.a6 Rb6 67.Nd5 Rb2+ 68.Kc3 Rb1 69.Rc7+  1-0

[Event "48th XtraCon TCh-DEN 2009-10"]
[Site "Denmark DEN"]
[Date "2009.11.07"]
[Round "1"]
[White "Schmidt,Kr"]
[Black "Preuss,F"]
[Result "1-0"]
[WhiteElo "2281"]
[BlackElo "2056"]

1.e4 d6 2.d4 Nf6 3.Nc3 e5 4.Nf3 Nbd7 5.Bc4 Be7 6.O-O O-O 7.Re1 c6 8.Bf1 b5
9.a3 a6 10.h3 Qc7 11.Bg5 c5 12.dxe5 dxe5 13.a4 b4 14.Bxf6 Nxf6 15.Nd5 Nxd5
16.Qxd5 Bb7 17.Qxe5 Bd6 18.Qh5 Rae8 19.b3 Re6 20.e5 Be7 21.Bd3 g6 22.Qg4 a5
23.Be4 Bxe4 24.Rxe4 Re8 25.Rae1 Kg7 26.Nd2 Bf8 27.Nc4 Kh8 28.R4e2 Bg7 29.f4 Kg8
30.Rd1 f5 31.Qf3 Bf8 32.Red2 Qg7 33.Rd7 Qh6 34.Qg3 Be7 35.Ne3 Qf8 36.Nd5 Kh8
37.Nc7 Qf7 38.Qf3 Rb6 39.Nxe8 Qxe8 40.Rc7 Rb8 41.Rdd7  1-0

[Event "TCh-FIN"]
[Site "Finland FIN"]
[Date "2009.11.08"]
[Round "5"]
[White "Hintikka,E"]
[Black "Parkkinen,J"]
[Result "0-1"]
[WhiteElo "2151"]
[BlackElo "2242"]

1.e4 d6 2.d4 Nf6 3.Nc3 Nbd7 4.Bc4 c6 5.Qe2 e5 6.f4 Be7 7.Nf3 exd4 8.Nxd4 d5
9.exd5 cxd5 10.Bb3 O-O 11.Be3 Bb4 12.O-O Bxc3 13.bxc3 Nb6 14.f5 Re8 15.Rae1 Bd7
16.Rf4 Rc8 17.Nb5 Rxe3 18.Qxe3 Bxb5 19.a4 Bc6 20.a5 Nbd7 21.Qxa7 Ra8 22.Qd4 Qxa5
23.Kh1 Qc5 24.c4 dxc4 25.Qxc4 Qxc4 26.Rxc4 Kf8 27.Rd4 Ra5 28.Rf4 Be4 29.Ref1 Nc5
30.Kg1 h5 31.h3 Nxb3 32.cxb3 Ra3 33.b4 Rb3 34.Rc1 Rxb4 35.Rc8+ Ke7 36.g4 hxg4
37.hxg4 Rb1+ 38.Kf2 Nxg4+ 39.Rxg4 Bxf5 40.Rc7+ Kd6 41.Rxg7 Kxc7 42.Rxf7+ Bd7  0-1

[Event "World Youth U18"]
[Site "Antalya TUR"]
[Date "2009.11.13"]
[Round "2"]
[White "Ter Sahakyan,S"]
[Black "Hapuarachchi,H"]
[Result "1-0"]
[WhiteElo "2512"]
[BlackElo "2019"]

1.e4 d6 2.d4 Nf6 3.Nc3 e5 4.Nf3 exd4 5.Nxd4 Be7 6.g3 O-O 7.Bg2 c5 8.Nde2 Nc6
9.O-O Bg4 10.h3 Be6 11.g4 a6 12.f4 Rc8 13.Ng3 b5 14.g5 Ne8 15.Nd5 f6 16.h4 Nc7
17.Be3 Bxd5 18.exd5 Nb8 19.Be4 g6 20.f5 Qe8 21.fxg6 hxg6 22.h5 f5 23.hxg6 Qxg6
24.Nxf5  1-0

[Event "FSGM November"]
[Site "Budapest HUN"]
[Date "2009.11.13"]
[Round "7"]
[White "Csiba,D"]
[Black "Varga,Zo"]
[Result "0-1"]
[WhiteElo "2329"]
[BlackElo "2486"]

1.e4 d6 2.d4 Nf6 3.Nc3 e5 4.Nf3 Nbd7 5.Bc4 Be7 6.O-O O-O 7.Re1 c6 8.a4 h6
9.h3 Re8 10.Bf1 exd4 11.Nxd4 Bf8 12.g3 d5 13.exd5 Rxe1 14.Qxe1 Nb6 15.Bg2 Nbxd5
16.Bd2 Nb4 17.Nce2 a5 18.c3 Nd3 19.Qb1 Ne5 20.Bf4 Ng6 21.Qc1 Nxf4 22.Nxf4 Bd7
23.Qd2 Qb6 24.Qc2 Rd8 25.Qb3 Bc5 26.Nfe2 Be6 27.Qxb6 Bxb6 28.Kf1 Bc4 29.b3 Ba6
30.Ke1 Re8 31.Kd2 Bxe2 32.Nxe2 Bxf2 33.Rf1 Rd8+ 34.Kc2 Be3 35.Rd1 Rxd1 36.Kxd1 Kf8
37.Kc2 Ke7 38.Kd3 Bf2 39.g4 Nd7 40.Nc1 Kd6 41.Ke2 Bh4 42.Nd3 b5 43.Kd2 Nb6
44.Nb2 Bf6 45.Bf1 Nd5 46.Nd1 Kc5 47.Kc2 bxa4 48.bxa4 Bxc3 49.Nxc3 Ne3+ 50.Kd3 Nxf1
51.Ke2 Nh2 52.Ne4+ Kb4 53.Nd6 Kxa4 54.Nxf7 Kb3 55.Ne5 c5 56.Kd3 a4 57.Nc4 Nf3
58.Na5+ Kb2 59.Nc4+ Ka2 60.Kc3 a3 61.Kc2 g5 62.Kc3 Ng1 63.Kc2 Nxh3 64.Na5 Nf2
65.Nb3 Nd3 66.Kc3 Ne5 67.Kc2 c4 68.Nd2 Nxg4 69.Nxc4 h5 70.Nd2 h4 71.Nb3 Ne3+  0-1

[Event "South Bohemia Open"]
[Site "Cesky Krumlov CZE"]
[Date "2009.11.15"]
[Round "2"]
[White "Hacaperka,M"]
[Black "Hantak,A"]
[Result "0-1"]
[WhiteElo "1947"]
[BlackElo "2161"]

1.e4 d6 2.d4 Nf6 3.Nc3 e5 4.d5 Be7 5.f3 c6 6.Be3 cxd5 7.exd5 O-O 8.Qd2 a6
9.a4 Nh5 10.g4 Bh4+ 11.Kd1 Nf4 12.Bxf4 exf4 13.Bd3 Nd7 14.Nh3 Ne5 15.Be2 f5
16.g5 Bxg5 17.Nxg5 Qxg5 18.Qd4 Qg2 19.Rf1 Bd7 20.Kd2 Rac8 21.Rf2 Qg5 22.Ra3 Rfe8
23.Rb3 Qg1 24.Nd1 b5 25.Qxf4 Rc4 26.Bxc4 Nxc4+ 27.Kc1 Re1 28.Rd2 Nxd2 29.Qxd2 h6
30.a5 Kh7 31.f4 Be8 32.Rg3 Qf1 33.Qd4 Bg6 34.Re3 Qg1 35.c3 Rxd1+  0-1

[Event "Waling Dijkstra GpA"]
[Site "Leeuwarden NED"]
[Date "2009.11.15"]
[Round "5"]
[White "Ootes,Le"]
[Black "Stavast,D"]
[Result "1-0"]
[WhiteElo "2128"]
[BlackElo "2041"]

1.e4 d6 2.d4 Nf6 3.Nc3 e5 4.Nf3 Nbd7 5.g4 c6 6.g5 Nh5 7.Be3 g6 8.Qd2 Qa5
9.O-O-O b5 10.Kb1 Nb6 11.dxe5 b4 12.exd6 Be6 13.Bxb6 axb6 14.d7+ Kd8 15.Nd4 Bxa2+
16.Kc1 Qc5 17.Nxa2 Rxa2 18.Kb1 Ra7 19.Qxb4 Rxd7 20.Qxc5 Bxc5 21.Nxc6+ Kc7
22.Rxd7+ Kxd7 23.Bb5 Kc7 24.Rd1 Re8 25.f3 Bd6 26.h4 Bg3 27.Nb4 Rd8 28.Nd5+ Kb7
29.Rd3 Bxh4 30.Rc3 Bg3 31.Rc6  1-0

[Event "World Youth U18"]
[Site "Antalya TUR"]
[Date "2009.11.18"]
[Round "7"]
[White "Adair,J"]
[Black "Karayev,A"]
[Result "0-1"]
[WhiteElo "2188"]
[BlackElo "2275"]

1.e4 d6 2.d4 Nf6 3.Nc3 Nbd7 4.g4 h6 5.h3 e5 6.Nge2 g6 7.Be3 b5 8.a3 a6 9.Bg2 h5
10.g5 Nh7 11.h4 c6 12.f4 Nb6 13.dxe5 Nc4 14.Bc1 dxe5 15.Qxd8+ Kxd8 16.b3 Nb6
17.fxe5 Bg7 18.Be3 Kc7 19.Rf1 Rf8 20.Bc5 Be6 21.Bd6+ Kb7 22.Nd4 Bg4 23.Bf3 Bh3
24.Rh1 Be6 25.Be2 Rfd8 26.O-O-O Nc8 27.Nf3 Nxd6 28.Rxd6 Bg4 29.Rhd1 Rxd6
30.Rxd6 Kc7 31.Rd3 Nf8 32.Nd4 Bxe5 33.Bxg4 hxg4 34.Nde2 Ne6 35.Rd1 Rh8 36.Rf1 Rxh4
37.Rxf7+ Kd6 38.Rf1 Rh2 39.Rd1+ Ke7 40.Rg1 g3 41.Kd1 g2 42.Ke1 Nxg5  0-1

[Event "World Youth U18"]
[Site "Antalya TUR"]
[Date "2009.11.19"]
[Round "8"]
[White "Poleshchuk,D"]
[Black "Hapuarachchi,H"]
[Result "1-0"]
[WhiteElo "2234"]
[BlackElo "2019"]

1.e4 d6 2.d4 Nf6 3.Nc3 e5 4.Nf3 exd4 5.Qxd4 Be7 6.Bg5 O-O 7.O-O-O Be6 8.Qd2 a6
9.h4 c5 10.Bf4 Nc6 11.Ng5 Nd4 12.f3 b5 13.Ne2 Nxe2+ 14.Bxe2 d5 15.e5 Nd7
16.Bd3 g6 17.h5 c4 18.Be2 c3 19.bxc3 Qa5 20.hxg6 Qa3+ 21.Kb1 d4 22.gxf7+ Bxf7
23.e6 Bg6 24.cxd4 Bb4 25.Qc1 Qc3 26.Bd2 Qxd4 27.Bxb4 Qxb4+ 28.Qb2 Qe7 29.Nxh7 Ra7
30.Ng5 Nf6 31.Nf7 Qxe6 32.Nh6+ Kh8 33.Rd6 Qxe2 34.Rxf6 Kh7 35.Rxa6 Rxa6 36.Nf5+  1-0

[Event "South Bohemia Open"]
[Site "Cesky Krumlov CZE"]
[Date "2009.11.21"]
[Round "9"]
[White "Loktiev,I"]
[Black "Lauko,M"]
[Result "1/2-1/2"]
[WhiteElo "2260"]
[BlackElo "1984"]

1.e4 d6 2.d4 Nf6 3.Nc3 c6 4.a3 g6 5.Nf3 Bg7 6.a4 a5 7.Be2 O-O 8.O-O b6 9.Bg5 h6
10.Be3 e6 11.Qd2 Kh7 12.Rfe1 Na6 13.Rad1 d5 14.e5 Ng8 15.Nb1 Qe7 16.c3 Bb7
17.Bd3 c5 18.h4 cxd4 19.Bxd4 Nc5 20.Bc2 Ne4 21.Qe3 f5 22.exf6 Ngxf6 23.Ne5 Nd7
24.Nxd7 Qxd7 25.Bxe4 dxe4 26.Bc5 Qxa4 27.Bxf8 Rxf8 28.Qxb6 Bd5 29.Nd2 Qc2
30.c4 Bxc4 31.Nxc4 Qxc4 32.Rd7 Kh8 33.Red1 e3 34.Qxe3 Qxh4 35.b3 a4 36.bxa4 Qxa4
37.Qxe6 Qf4 38.R1d2 g5 39.Rd8 Rxd8 40.Rxd8+ Kh7 41.g3 Qf6 42.Rd6 Qxe6 43.Rxe6 h5
44.f3 Bd4+ 45.Kg2 Kg7 46.Kh3 Bf6 47.Rb6 Bd4 48.Rc6 Bf2 49.g4 h4 50.Kg2 Bg3
51.Kf1 h3 52.Ke2 Kf7 53.Kd3 h2 54.Rc1 Kf6 55.Rh1 Bf4 56.Ke2 Ke5 57.Kf1 Kd4
58.Kg2 Be5 59.Rxh2 Bxh2 60.Kxh2 Ke3  1/2-1/2

[Event "TCh-NED 2009-10"]
[Site "Netherlands NED"]
[Date "2009.11.21"]
[Round "3"]
[White "Cardon,H"]
[Black "Bosman,M"]
[Result "1/2-1/2"]
[WhiteElo "2381"]
[BlackElo "2356"]

1.d4 d6 2.e4 Nf6 3.Nc3 e5 4.dxe5 dxe5 5.Qxd8+ Kxd8 6.Bc4 Bb4 7.Bd2 Ke7 8.Nf3 Nbd7
9.O-O Bd6 10.Rad1 Nb6 11.Bb3 Bg4 12.h3 Bxf3 13.gxf3 Nh5 14.Nb5 Nf4 15.Nxd6 cxd6
16.Bxf4 exf4 17.Rd4 h5 18.Rfd1 Rh6 19.Rb4 Rc8 20.a4 Rg6+ 21.Kf1 Rg5 22.c3 Re5
23.Bd5 Rc7 24.Ke2 Kf6 25.Rbd4 Ke7 26.Ba2 Rc6 27.Bd5 Rc7 28.Ba2 Rc6 29.Bd5  1/2-1/2

[Event "IV Open"]
[Site "Palma ESP"]
[Date "2009.11.22"]
[Round "2"]
[White "Zozulia,A"]
[Black "Kunin,V"]
[Result "0-1"]
[WhiteElo "2324"]
[BlackElo "2532"]

1.e4 d6 2.d4 Nf6 3.Nc3 Nbd7 4.Nf3 e5 5.Bc4 Be7 6.O-O O-O 7.a4 c6 8.Re1 b6
9.b3 a6 10.Bb2 Rb8 11.Bf1 Qc7 12.h3 b5 13.axb5 axb5 14.Qd2 Re8 15.Na2 Bf8
16.dxe5 dxe5 17.Nb4 Bb7 18.Bc3 Bxb4 19.Bxb4 c5 20.Ba5 Qc6 21.Bc3 Rbd8 22.Ba5 Rc8
23.Bc3 Re7 24.Nh4 g6 25.Qg5 Re6 26.Rad1 Rce8 27.Nf5 Nh5 28.Be2 Nf4 29.Nh6+ Kf8
30.Bg4 f5 31.Bf3 Nf6 32.Kh2 fxe4 33.Bg4 R6e7 34.Bxe5 Rxe5 35.Qxf4 Kg7 36.Bd7 Nxd7
37.Qf7+ Kxh6 38.Rxd7 R5e7 39.Qf4+ Kg7 40.Rd6 Qc7  0-1

[Event "IV Open"]
[Site "Palma ESP"]
[Date "2009.11.22"]
[Round "2"]
[White "Spence,D"]
[Black "Tratar,M"]
[Result "1/2-1/2"]
[WhiteElo "2252"]
[BlackElo "2480"]

1.e4 d6 2.d4 Nf6 3.Nc3 e5 4.Nf3 Nbd7 5.Bc4 Be7 6.O-O O-O 7.Re1 a6 8.a4 b6
9.b3 c6 10.Bb2 Bb7 11.Qd2 b5 12.Bd3 Re8 13.Ne2 Bf8 14.Ng3 g6 15.Rad1 Qc7
16.axb5 axb5 17.c4 bxc4 18.Bxc4 Ba6 19.Qc3 Bxc4 20.Qxc4 Qb7 21.Rc1 Ra6 22.h3 Rb6
23.Ba1 exd4 24.Bxd4 c5 25.Bxf6 Nxf6 26.Nd2 Bh6 27.Rcd1 d5 28.Qxc5 Bxd2 29.Rxd2 dxe4
30.Qg5 Rbe6 31.Nf5 Qb4 32.Rde2 Kh8 33.Nh6 Kg7 34.Nf5+ Kh8 35.Nh6 Kg7 36.Nf5+  1/2-1/2

[Event "IV Open"]
[Site "Palma ESP"]
[Date "2009.11.22"]
[Round "3"]
[White "Milian Calatayud,J"]
[Black "Persson,S"]
[Result "0-1"]
[WhiteElo "1728"]
[BlackElo "2109"]

1.e4 d6 2.d4 Nf6 3.Nc3 c6 4.Be2 g6 5.h4 h5 6.Nf3 Bg4 7.e5 Nd5 8.Nxd5 cxd5
9.O-O Nc6 10.c3 e6 11.Bg5 Be7 12.Bxe7 Qxe7 13.g3 Bxf3 14.Bxf3 dxe5 15.dxe5 Nxe5
16.Qa4+ Qd7 17.Qxd7+ Kxd7 18.Bg2 Rac8 19.Rad1 Kd6 20.Rfe1 f6 21.f4 Ng4 22.Bf1 g5
23.c4 gxh4 24.cxd5 exd5 25.gxh4 Rhe8 26.Rxe8 Rxe8 27.Bg2 Ne3 28.Re1 b6 29.Bf3 d4
30.Kf2 Rc8 31.Re2 Rg8 32.Rd2 Kc5 33.b4+ Kxb4 34.Rxd4+ Nc4 35.Be2 b5 36.Bxh5 Kc5
37.Bf7 Rg4 38.Rd5+ Kb4 39.Rf5 Nd6 40.Rxf6 Ne4+  0-1

[Event "IV Open"]
[Site "Palma ESP"]
[Date "2009.11.24"]
[Round "5"]
[White "Guerra Bastida,D"]
[Black "Haslinger,S"]
[Result "1/2-1/2"]
[WhiteElo "2429"]
[BlackElo "2548"]

1.e4 d6 2.d4 Nf6 3.Nc3 e5 4.Nf3 Nbd7 5.Bc4 Be7 6.O-O O-O 7.Qe2 c6 8.a4 a5
9.Rd1 Qc7 10.Ba2 h6 11.h3 Re8 12.Be3 Bf8 13.dxe5 Nxe5 14.Nxe5 dxe5 15.Qf3 Qe7
16.g4 Nh7 17.Rd6 Qc7 18.Rd3 Be6 19.Rad1 Bxa2 20.Rd7 Qc8 21.Nxa2 Nf6 22.R7d3 Qe6
23.Nc3 Be7 24.b3 Red8 25.Bb6 Rxd3 26.Qxd3 h5 27.f3 hxg4  1/2-1/2

[Event "ch-RSA"]
[Site "Cape Town RSA"]
[Date "2009.12.01"]
[Round "6"]
[White "Van der Nat,N"]
[Black "Solomon,K"]
[Result "1/2-1/2"]
[WhiteElo "2272"]
[BlackElo "2368"]

1.e4 d6 2.d4 Nf6 3.Nc3 e5 4.Nf3 Nbd7 5.g4 h6 6.Rg1 c6 7.Be3 b5 8.a3 Bb7 9.Qe2 a5
10.g5 hxg5 11.Nxg5 b4 12.Na4 Ba6 13.Qf3 Bxf1 14.Rxf1 Qb8 15.axb4 Qxb4+ 16.Bd2 Qc4
17.dxe5 Nxe5 18.Qd1 Rxh2 19.Nb6 Qxf1+ 20.Kxf1 Rh1+ 21.Ke2 Rxd1 22.Kxd1 Rb8
23.Bxa5 Be7 24.b3 Nh5 25.Nh3 Bd8 26.Nc4 Nxc4 27.Bxd8 Kxd8 28.bxc4 Rb4 29.Ng5 Rb7
30.Ra6 Rc7 31.c5 dxc5 32.Ra5 Ke7 33.Rxc5 g6 34.Ke2 Kd6 35.Rc3 f6 36.Nf3 Re7
37.Ke3 f5 38.e5+ Kc7 39.Ra3 Kb7 40.Rb3+ Kc7 41.Ra3 Kb6 42.Rb3+ Kc7  1/2-1/2

[Event "1st ACP Women World Rapid Cup"]
[Site "Konya TUR"]
[Date "2009.12.01"]
[Round "2"]
[White "Socko,M"]
[Black "Klinova,M"]
[Result "1-0"]
[WhiteElo "2457"]
[BlackElo "2305"]

1.e4 d6 2.d4 Nf6 3.Nc3 e5 4.Nf3 Nbd7 5.Bc4 Be7 6.O-O O-O 7.a4 c6 8.Re1 b6
9.b3 a6 10.Bb2 Rb8 11.Bd3 b5 12.Ne2 Qc7 13.Ng3 g6 14.Qd2 Re8 15.h4 c5 16.dxe5 dxe5
17.axb5 axb5 18.c4 b4 19.h5 Bf8 20.Qg5 Rb6 21.hxg6 fxg6 22.Nf5 Nh5 23.Ne3 Qd8
24.Qxd8 Rxd8 25.Nd5 Re6 26.Ra8 Nf4 27.Bf1 Bg7 28.Rea1 Nxd5 29.cxd5 Ree8 30.Bb5 Rf8
31.Rxc8 Rxc8 32.Bxd7  1-0

[Event "ch-IND National A"]
[Site "Mumbai IND"]
[Date "2009.12.02"]
[Round "2"]
[White "Narayanan,Sr"]
[Black "Ramnathan,B"]
[Result "1-0"]
[WhiteElo "2370"]
[BlackElo "2277"]

1.e4 d6 2.d4 Nf6 3.Nc3 Nbd7 4.Nf3 e5 5.g4 Nxg4 6.Rg1 Ngf6 7.Bc4 Nb6 8.Bb3 exd4
9.Qxd4 Be6 10.Qd3 Qd7 11.Be3 g6 12.O-O-O Bxb3 13.axb3 Bg7 14.Nd4 Ng4 15.Nf5 gxf5
16.exf5 Bxc3 17.Qxc3 O-O-O 18.Rxg4 Qxf5 19.Rg5 Qe6 20.Ra5 Kb8 21.Rxa7 Qe5
22.Bd4 Qg5+ 23.f4 Qxf4+ 24.Kb1 Rhg8 25.Qa5 Rg5 26.Qa3 Rd5 27.c3 c5 28.Qa5 Kc7
29.Rc1 Qe4+ 30.Ka2 Qf4 31.Qa6 Rb8 32.Rf1 Kc6 33.Rxb7 Rxb7 34.Rxf4 cxd4 35.c4 Re5
36.Rxd4 Rb8 37.Kb1 Kc7 38.Rf4 f5 39.Rh4 Re7 40.Qa7+ Rb7 41.Qa5 Rf7 42.Rh6 f4
43.c5  1-0

[Event "ch-IND National A"]
[Site "Mumbai IND"]
[Date "2009.12.02"]
[Round "2"]
[White "Deepan,C"]
[Black "Koshy,V"]
[Result "1-0"]
[WhiteElo "2518"]
[BlackElo "2280"]

1.e4 d6 2.d4 Nf6 3.Nc3 e5 4.Nf3 Nbd7 5.Bc4 Be7 6.O-O O-O 7.a4 b6 8.a5 bxa5
9.d5 Nc5 10.Re1 a4 11.Bd3 Bd7 12.Be3 Nxd3 13.cxd3 c6 14.dxc6 Bxc6 15.h3 Qd7
16.Nxa4 Rfb8 17.Bc1 h6 18.Nc3 Qb7 19.Qe2 Bf8 20.d4 exd4 21.Nxd4 Re8 22.Nxc6 Qxc6
23.Qa6 Qxa6 24.Rxa6 d5 25.Rxf6 gxf6 26.Nxd5 Rec8 27.Bd2 Kh8 28.Bc3 Bg7 29.f4 Rc6
30.Kf2 Rd8 31.f5 Rd7 32.Ra1 Rb7 33.Kf3 Bf8 34.g4 Bg7 35.h4 Kg8 36.Rg1 Kh7
37.Ra1 Kg8 38.Rh1 a5 39.Bxa5  1-0

[Event "Open"]
[Site "Figueira da Foz POR"]
[Date "2009.12.03"]
[Round "6"]
[White "Paunovic,D"]
[Black "Redondo Arguelles,Gr"]
[Result "1-0"]
[WhiteElo "2533"]
[BlackElo "2062"]

1.d4 d6 2.e4 Nf6 3.Nc3 Nbd7 4.Nf3 e5 5.Bc4 Be7 6.O-O O-O 7.a4 h6 8.Re1 c6
9.h3 Nh7 10.d5 c5 11.a5 a6 12.Bd3 b5 13.axb6 Nxb6 14.Na4 Bd7 15.Nxb6 Qxb6
16.Nd2 f5 17.Nc4 Qb7 18.Na5 Qc7 19.Nc6 Bh4 20.exf5 Bxf5 21.Be3 Qf7 22.Bxf5 Qxf5
23.Rf1 Rf7 24.Qe2 Qe4 25.Rxa6 Rxa6 26.Qxa6 Qxd5 27.Qa8+  1-0

[Event "Podgaets Memorial Blitz"]
[Site "Odessa UKR"]
[Date "2009.12.03"]
[Round "8"]
[White "Fingerov,D"]
[Black "Drozdovskij,Y"]
[Result "0-1"]
[WhiteElo "2393"]
[BlackElo "2625"]

1.e4 d6 2.d4 Nf6 3.Nc3 Nbd7 4.f4 e5 5.dxe5 dxe5 6.fxe5 Nxe5 7.Qxd8+ Kxd8
8.Nf3 Bd6 9.Bd2 c6 10.O-O-O Kc7 11.Bd3 Re8 12.Nd4 Bg4 13.Rdf1 Rad8 14.h3 Bc8
15.Nf5 Bxf5 16.Rxf5 Nfd7 17.Be2 Nc5 18.Be3 Ne6 19.Rd1 Bc5 20.Bxc5 Rxd1+ 21.Kxd1 Nxc5
22.Kd2 Kd6 23.Ke3 b5 24.a3 a5 25.g4 b4 26.axb4 axb4 27.Na2 Rb8 28.b3 Ne6
29.Rf1 c5 30.Nc1 Nd4 31.Bd3 Ra8 32.Ne2 Nxe2  0-1

[Event "Czech Coal Match"]
[Site "Marianske Lazne CZE"]
[Date "2009.12.04"]
[Round "7"]
[White "Jackova,J"]
[Black "Hort,V"]
[Result "0-1"]
[WhiteElo "2388"]
[BlackElo "2494"]

1.e4 d6 2.d4 Nf6 3.Nc3 e5 4.Nf3 Nbd7 5.Bc4 h6 6.O-O Be7 7.Re1 O-O 8.a4 c6
9.b3 Re8 10.Ba3 Qc7 11.h3 Nf8 12.dxe5 dxe5 13.Bxe7 Rxe7 14.Nh4 Be6 15.Qe2 Qa5
16.Na2 Rd8 17.Rad1 Red7 18.Rxd7 Bxc4 19.Rxd8 Bxe2 20.Rxf8+ Kxf8 21.Rxe2 b5
22.Nf5 bxa4 23.b4 Qd8 24.f3 Nh5 25.Kh2 Nf4 26.Rf2 g6 27.Ng3 h5 28.c4 h4 29.Nh1 Qd1
30.g3 Ne2 31.Rg2 Qd2  0-1

[Event "ch-IND National A"]
[Site "Mumbai IND"]
[Date "2009.12.04"]
[Round "4"]
[White "Narayanan,Sr"]
[Black "Koshy,V"]
[Result "1-0"]
[WhiteElo "2370"]
[BlackElo "2280"]

1.e4 d6 2.d4 Nf6 3.Nc3 e5 4.Nf3 Nbd7 5.g4 Nxg4 6.Rg1 Ngf6 7.Be3 c6 8.Bc4 h6
9.Qd3 b5 10.Bb3 Qa5 11.dxe5 dxe5 12.O-O-O Ba6 13.Ne2 c5 14.Bd2 b4 15.c4 Bb7
16.Ng3 Qc7 17.Ba4 O-O-O 18.Be3 g6 19.Qf1 Be7 20.Qh3 Kb8 21.Bxd7 Rxd7 22.Bg5 Rxd1+
23.Rxd1 Qc8 24.Qxc8+ Kxc8 25.Be3 Ng4 26.h3 Nxe3 27.fxe3 Rd8 28.Rf1 Bd6 29.Nh2 Rf8
30.Ng4 h5 31.Nf6 Rh8 32.Kc2 Be7 33.Nd5 Bh4 34.Ne2 Rf8 35.Nc1 Bxd5 36.cxd5 Be7
37.Nd3 Bd6 38.Kb3 Kd7 39.Ka4 Ke7 40.Rc1 f5 41.exf5 gxf5 42.Nxc5 Rc8 43.Kb5 Rb8+
44.Ka4 Bxc5 45.Rxc5 Kd6 46.Ra5 a6 47.Kb3 h4 48.Kc4 Rc8+ 49.Kd3 Rc5 50.Rxc5 Kxc5
51.e4 f4 52.Ke2  1-0

[Event "Open"]
[Site "Figueira da Foz POR"]
[Date "2009.12.06"]
[Round "9"]
[White "Galego,L"]
[Black "Campora,D"]
[Result "1-0"]
[WhiteElo "2435"]
[BlackElo "2522"]

1.e4 d6 2.d4 Nf6 3.Nc3 e5 4.Nge2 Be7 5.g3 Bg4 6.dxe5 dxe5 7.Qxd8+ Bxd8 8.Bg2 Nc6
9.Be3 Be7 10.h3 Bxe2 11.Nxe2 O-O-O 12.c3 Nd7 13.Rd1 a5 14.O-O b6 15.h4 Kb7
16.b3 Bc5 17.Bc1 Nf6 18.Bf3 b5 19.Kg2 Rxd1 20.Rxd1 Rd8 21.Rxd8 Nxd8 22.g4 Ne8
23.g5 Nd6 24.Ng3 b4 25.Bb2 Nc6 26.Nh5 bxc3 27.Bxc3 Nb5 28.Bd2 Bf8 29.Bg4 Nb4
30.Be2 Nd6 31.Bc3 Nc6 32.Kf3 Kb6 33.Ke3 Nb5 34.Bxb5 Kxb5 35.a4+ Kb6 36.f4 Bc5+
37.Ke2 Bd4 38.Bd2 exf4 39.Nxf4 Kb7 40.h5 Be5 41.Nd3 Bd6 42.Bc3 g6 43.hxg6 hxg6
44.Kf3 Kb6 45.e5 Be7 46.Kg4 Ba3 47.e6 Nd8 48.Ne5  1-0

[Event "30th Edoardo Crespi Magistrale"]
[Site "Milan ITA"]
[Date "2009.12.06"]
[Round "2"]
[White "Melia,S"]
[Black "Crippa,G"]
[Result "1-0"]
[WhiteElo "2436"]
[BlackElo "2092"]

1.e4 d6 2.d4 Nf6 3.Nc3 e5 4.Nf3 Nbd7 5.Bc4 Be7 6.O-O c6 7.a4 O-O 8.Re1 b6
9.d5 c5 10.g3 Ne8 11.Kg2 a6 12.Ng1 Nc7 13.f4 f5 14.exf5 b5 15.axb5 Nb6 16.Bd3 exf4
17.Bxf4 Bxf5 18.bxa6 c4 19.Bxf5 Rxf5 20.Nf3 Nbxd5 21.Nxd5 Rxd5 22.Qe2 Kf8
23.Qxc4 Bf6 24.c3 Rc5 25.Qd3 Nd5 26.Bd2 Nb6 27.Qxh7 Kf7 28.Qe4 Qc8 29.a7 Nc4
30.Rf1  1-0

[Event "ch-IND National A"]
[Site "Mumbai IND"]
[Date "2009.12.06"]
[Round "6"]
[White "Padmini,R"]
[Black "Koshy,V"]
[Result "0-1"]
[WhiteElo "2333"]
[BlackElo "2280"]

1.e4 d6 2.d4 Nf6 3.Nc3 e5 4.Nf3 Nbd7 5.Bc4 Be7 6.O-O O-O 7.Re1 a6 8.a4 b6
9.Ba2 Bb7 10.h3 b5 11.d5 b4 12.Nb1 Nc5 13.c3 a5 14.Qc2 c6 15.c4 Rc8 16.Nbd2 Kh8
17.dxc6 Bxc6 18.b3 Qd7 19.Nh2 Bd8 20.Nhf1 Bb6 21.Bb2 Qb7 22.Ng3 Rcd8 23.Rad1 h5
24.Bb1 Kg8 25.Kh2 Ne6 26.f3 g6 27.Ndf1 Nd4 28.Bxd4 Bxd4 29.Ne3 Qa7 30.Qc1 Nh7
31.Rd3 h4 32.Ne2 Bc5 33.Nd5 Bxd5 34.Rxd5 Qe7 35.Qh6 Qg5 36.Qxg5 Nxg5 37.f4 Ne6
38.f5 Nc7 39.Rd3 Kg7 40.g4 hxg3+ 41.Nxg3 Ne8 42.Rf1 Nf6 43.Bc2 Rh8 44.Kg2 g5
45.Bd1 Rh4 46.Bf3 Rdh8 47.Rh1 Kf8 48.Rdd1 Ke7 49.Bg4 Be3 50.Rd3 Bf4 51.Rhd1 R8h6
52.c5 dxc5 53.Rd8 Bxg3 54.Kxg3 Nxe4+ 55.Kf3 Nf6 56.Rc8 Nxg4 57.hxg4 Rh3+
58.Ke4 R6h4 59.Rxc5 Rxg4+ 60.Kxe5 Re3+ 61.Kd5 Rf4 62.Kc6 Rc3 63.Rxc3 bxc3
64.Rc1 Rxf5 65.Rxc3 Kf6 66.b4 axb4 67.Rb3 g4 68.Kb6 Rf3 69.Rxb4 Kg5 70.a5 g3
71.Rb1 Ra3 72.a6 f5 73.Rd1 f4 74.a7 g2 75.Kb7 f3 76.Rd8 Rxa7+ 77.Kxa7 g1=Q+  0-1